Visualizzazione normale
Vista MARC
- Filosofia. Metafisica. Ontologia
di Genre/Form Term
Records bibliografici associati: 2
001 - CONTROL NUMBER
- control field: 57133
003 - CONTROL NUMBER IDENTIFIER
- control field:
005 - DATE AND TIME OF LATEST TRANSACTION
- control field: 20180511140816.0
008 - FIXED-LENGTH DATA ELEMENTS
- fixed length control field: 180511|| aca||aabn | a|a d
040 ## - CATALOGING SOURCE
- Original cataloging agency:
- Transcribing agency:
155 ## - HEADING--GENRE/FORM TERM
- Genre/form term: Filosofia. Metafisica. Ontologia
- General subdivision: Libri generali e manuali in lingue moderne.
670 ## - SOURCE DATA FOUND
- Source citation: Work cat.: ()0: Aristoteles, 384-322 a.C. 57131, Metafisica /, 2017.